000 02224nam a2200241Ia 4500
003 Ost
005 20260507074936.0
008 260507s9999||||xx |||||||||||||| ||und||
020 _a9953140871
040 _cfsecg
041 _aara
082 _a338.9
100 _aلاتوش، سيرج
_eمؤلف
245 0 _aتحديات التنمية من وهم التحرر الاقتصادي الى بناء مجتمع بديل /
_c سيرج لاتوش
260 _aبيروت:
_bالشركة العالمية للكتاب,
_c2007
300 _a112 صفحة؛
_c20 سم
504 _aبيبليوغرافيا ص.95
520 _aيتناول الكتاب الجانب اجتماعي، انساني، محلي، دائم... تجملت التنمية في الفترة الاخيرة بـ "ثياب جميلة"، تتلاءم مع معايير المنظمات الدولية مثل البنك الدولي وصندوق النقد الدولي. لكن المنطق الاقتصادي بقي على حاله ونموذج التنمية مطابقاً لآراء الليبرالية الجديدة التقليدية. والحالة هذه، فإن الوضع التنموي يرتكز الى معتقدات اخروية تفترض امكانية تأمين الرخاء المادي للجميع في حين ان الحقائق كشفت ان مثل هذه المعتقدات مدمرة لدرجة لا يمكن أن تحتمل الأرض كوارثها. إذاً، لا بد من اعادة النظر وبطريقة نقدية في مفاهيم التنمية، الحاجات الضرورية، وإسقاط مخيلتنا الاقتصادية، بما يؤدي بالتالي الى الغاء المفاهيم الغربية والعولمة. بالتأكيد لا تحمل دعوتنا عودة مستحيلة الى الوراء، إنما ابتكار اشكال جديدة لتنمية بديلة، وتحديداً العودة الى التنمية الشعبية المحلية وبما يتلاءم مع متطلبات وتطلعات كل مجتمع.
653 _aاقتصاد
653 _aالتبعية الاقتصادية
653 _aتنمية - تخطيط اقتصادي
942 _cكتاب
999 _c41890
_d41890